1294 1419 1635 1557 1466 1652 1651 1253 1545 1129 1147 1747 1090 1931 1772 1131 1080 1953 1617 1957 1878 1813 1358 1041 1290 1736 1361 1502 1107 1740 1986 1945 1421 1781 1407 1121 1344 1813 2000 1605 1025 1728 1824 1838 1661 1811 1447 1712 1653 1906 1229 1344 1961 1276 1011 1250 1222 1423 1207 1977 1838 1514 1542 1153 1719 1254 1085 1521 1757 1006 1679 1805 1234 1947 1488 1309 1711 1611 1048 1447 1823 1715 1301 1955 1033 1826 1217 1614 1858 1893 1485 1672 1024 1449 1046 1841 1598 1778 1792 BCNSPRNW ULIB Ver.6.0+V

เปลี่ยนเป็นภาษาไทย

Change to English
 แสดงรายละเอียดบรรณานุกรม
  กลับหน้าหลัก

Brief Record : Get Marc (ISO 2709) : E-mail record : QR code < ปิดหน้าต่าง
LEADER : 00000nam 2200000uu 4500
001    13399123398
003     ULIB
008    020711s2557 th a 000 0 tha d
020    9786162921179
060 04 WJ340^bว382ร
100    วัชระ จึงสง่า
245    รู้สู้โรคไต/^cวัชระ จึงสง่า
250    พิมพ์ครั้งที่ 1
260    กรุงเทพฯ :^bGoodlife Publishing,^c2557
300    144 หน้า;^b18.5 ซม.
650    โรคไต
945    ^p155^l0^i20465
945    ^p155^l0^i20466
999    ^aทศพร เกษรทอง
รายการนี้ยังไม่มีแท็ก
คุณยังไม่ได้ล็อกอิน คุณสามารถมีกิจกรรมร่วมกับเว็บไซต์ได้ แต่ต้องล็อกอินก่อน ::
  ล็อกอิน

รายการสื่อสารสนเทศ

ลำดับที่ ประเภท เลขเรียก/บาร์โค้ด สถานที่ สถานะ
1. วิทยาศาสตร์การแพทย์ และสุขภาพ
วิทยาศาสตร์การแพทย์ และสุขภาพ
สถานะ=หนังสือเก่า
WJ340 ว382ร ฉ.1 
  Barcode: 20465
ห้องสมุดวิทยาเขตนครสวรรค์
►ส่วนจัดเก็บหนังสือเก่า นว.
บนชั้น
  ขอยืม
2. วิทยาศาสตร์การแพทย์ และสุขภาพ
วิทยาศาสตร์การแพทย์ และสุขภาพ
สถานะ=หนังสือเก่า
WJ340 ว382ร ฉ.2 
  Barcode: 20466
ห้องสมุดวิทยาเขตนครสวรรค์
►ส่วนจัดเก็บหนังสือเก่า นว.
บนชั้น
  ขอยืม

รายการใกล้เคียง
    ผู้แต่ง [วัชระ จึงสง่า]

    หัวเรื่อง [โรคไต]

BibComment


ยังไม่เคยถูกคอมเมนท์

คอมเมนท์ทรัพยากรรายการนี้
  คอมเมนท์: รู้สู้โรคไต วัชระ..


 Copyright 2026. Bcnsprnw @Library